000 00712pam a2200229 a 4500
001 4506278
005 20180123070836.0
008 980519s1999 njua b 001 0 eng
010 _a 98019203
020 _a013079760X
040 _aDLC
_cDLC
_dDLC
041 _aeng
080 _a371.1024 pau
082 0 0 _a371.1024 pau
_221
100 1 _a48
101 _aedu
245 1 0 _aApplied behavior analysis for teachers /
_cPaul A. Alberto, Anne C. Troutman.
504 _aIncludes bibliographical references and indexes.
906 _a7
_bcbc
_corignew
_d1
_eocip
_f19
_gy-gencatlg
942 _2ddc
_cBK
999 _c40773
_d40773